Historia : américa y europa entre los siglos xiv y xviii /

Guardado en:
Autor Principal: Pérez de Lois, Graciela
Formato: Libro
Publicado: Buenos Aires : Santillana, 2013
Series:Conocer +
Materias:
Etiquetas: Agregar Etiqueta
Sin Etiquetas, Sea el primero en etiquetar este registro!
LEADER 01321nam a22002415a 4500
001 CEM.cems018319
005 20140613114001.0
008 130507s2013##################000#0#####d
003 CEMS
020 |a 9789504631712 
082 0 4 |a 940.2 
100 1 |a Pérez de Lois, Graciela 
245 1 0 |a Historia :  |b américa y europa entre los siglos xiv y xviii /  |c Coordinado Por Graciela Pérez de Lois 
260 |a Buenos Aires :  |b Santillana,  |c 2013 
300 |a 240 p. 
490 0 |a Conocer + 
505 0 |a Las relaciones colonicales entre América y Europa a partir del siglo XV -- Los pueblos originarios de América -- El final de la Edad Media en Europa -- Surgimiento de la modernidad europea -- La expansión europea -- La conquista europea de América -- Los orígenes del capitalismo en Europa -- El cisma protestante y las monarquías centralizadas -- Los Estados absolutistas en Europa -- Europa en el siglo XVII -- La formación del mundo colonial americano -- Los gobiernos coloniales -- La sociedad hispano-colonial -- El sistema económico colonial 
653 |a Historia 
653 |a Historia de américa 
653 |a Historia de europa 
653 |a Historia-siglo xiv-xviii 
859 |a CEMS  |b BIB. CEMS - Agricultura  |h 940.2  |i P415  |p A2148.14  |t Ej.1 
859 |a CEMS  |b BIB. CEMS - Agricultura  |h 940.2  |i P415  |p A2149.14  |t Ej.2